Seni kehidupan dan kemasyarakatan

Bibliographic Details
Main Author: Asmad , 1930- (Author)
Format: Book
Published: Melaka : Associated Educational Distributors , 1990
Series:Siri bunga rampai kebudayaan Malaysia
Subjects:

MARC

LEADER 00000cam a2200000 7i4500
001 0000007666
005 20161019093000.0
020 |a 967948212X 
020 |a 9679482480 ,   |c (set) 
090 0 0 |a DS595   |b .A86 
100 0 |a Asmad ,   |d 1930- ,   |e author 
245 1 0 |a Seni kehidupan dan kemasyarakatan   |c Asmad 
260 2 |a Melaka :   |b Associated Educational Distributors ,   |c 1990 
300 |a 140 p. :   |b 22 cm 
440 0 0 |a Siri bunga rampai kebudayaan Malaysia 
651 0 |a Malaysia   |x Social life and customs 
999 |a 1000008836   |b Book   |c OPEN SHELF (30 DAYS)   |e Gong Badak Campus